Knihovna vypůjčených srdcí /
Chloe Sampsonová to nemá lehké: stará se o tři mladší sourozence, hledá své pravé já a snaží se vydělat dost na to, aby měli z čeho žít. Už se zdá, že se ocitla v koncích, když ve sklepení knihovny, kde pracuje, najde velmi vzácnou starou knihu. K jejímu úžasu se vzápětí na prahu jejího domu objeví...
Uloženo v:
| Hlavní autor: | |
|---|---|
| Další autoři: | |
| Médium: | E-kniha |
| Jazyk: | Czech |
| Vydáno: |
Praha :
Dobrovský s. r. o.,
2026
|
| Edice: | Kontrast (Dobrovský)
|
| Témata: | |
| Tagy: |
Žádné tagy |
| LEADER | 02037nam a2200361 i 4500 | ||
|---|---|---|---|
| 001 | 297488 | ||
| 003 | CZ PrSKC | ||
| 005 | 20260408063135.0 | ||
| 008 | 260401s2026 xr ||| | cze | ||
| 020 | |a 9788027744435 |q (vázáno) : |c Kč 499,00 | ||
| 040 | |a TUG001 |b cze |e rda | ||
| 041 | 1 | |a cze |h eng | |
| 072 | 7 | |a 821.111(73)-3 |x Americká próza |2 Konspekt | |
| 100 | 1 | |a Gilmore, Lucy |7 xx0323098 |4 aut | |
| 240 | 1 | 0 | |a Library of borrowed hearts. |l Česky |
| 245 | 1 | 0 | |a Knihovna vypůjčených srdcí / |c Lucy Gilmore ; přeložila Karolina Limrová |
| 264 | 1 | |a Praha : |b Dobrovský s. r. o., |c 2026 | |
| 300 | |a 357 stran ; |c 21 cm | ||
| 336 | |a text |b txt |2 rdacontent | ||
| 337 | |a bez média |b n |2 rdamedia | ||
| 338 | |a svazek |b nc |2 rdacarrier | ||
| 490 | 1 | |a Kontrast | |
| 500 | |a Přeloženo z angličtiny | ||
| 520 | |a Chloe Sampsonová to nemá lehké: stará se o tři mladší sourozence, hledá své pravé já a snaží se vydělat dost na to, aby měli z čeho žít. Už se zdá, že se ocitla v koncích, když ve sklepení knihovny, kde pracuje, najde velmi vzácnou starou knihu. K jejímu úžasu se vzápětí na prahu jejího domu objeví věčně nabručený samotářský soused a nabídne jí za ni doslova majlant. Když si ji Chloe prohlédne podrobněji, zjistí, že si na okrajích stránek dva mladí milenci kdysi nechávali vzkazy... | ||
| 655 | 7 | |a romány pro ženy |7 fd187897 |2 czenas | |
| 700 | 1 | |a Limrová, Karolina, |d 1979- |7 xx0134716 |4 trl | |
| 710 | 2 | |a Dobrovský (firma) |7 olak2017946581 |4 pbl | |
| 830 | 0 | |a Kontrast (Dobrovský) | |
| 900 | |a TUG001 |b 14 | ||
| 044 | |a xr | ||
| 910 | |a RBIT002 | ||
| 998 | |d 426055 |a https://core.palmknihy.cz/api/books/426055/cover?td4hez |b https://core.palmknihy.cz/api/books/426055/cover/400?td4hez |c https://core.palmknihy.cz/api/books/426055/cover/50?td4hez |e |g 360 |i 9788027744435 |j https://core.palmknihy.cz/api/books/426055/preview.epub |k https://core.palmknihy.cz/api/books/426055/preview.pdf |l |q 49 |r 1 |s https://www.palmknihy.cz/kniha/426055 |t ebook |y 2026 |z 0 | ||
| 999 | |d 297486 | ||